Glimpses of India: (Record no. 185795)

MARC details
000 -LEADER
fixed length control field 00599nam a22001817a 4500
005 - DATE AND TIME OF LATEST TRANSACTION
control field 20220210101320.0
010 ## - LCCN (DPL NO)
LC control number ENG-131484
020 ## - INTERNATIONAL STANDARD BOOK NUMBER
International Standard Book Number 9788173055669
Terms of availability 995.00
035 ## - SYSTEM CONTROL NUMBER
System control number EN-115016
037 ## - SOURCE OF ACQUISITION
Source of stock number/acquisition DBAD
082 ## - DEWEY DECIMAL CLASSIFICATION NUMBER
Classification number 934
100 ## - MAIN ENTRY--PERSONAL NAME
Personal name Lal, Rajesh
245 ## - TITLE STATEMENT
Title Glimpses of India:
Remainder of title Some 5000 Years Ago A story of Our Rich Cultural Heritage/
Statement of responsibility, etc Rajesh Lal
260 ## - PUBLICATION, DISTRIBUTION, ETC. (IMPRINT)
Place of publication, distribution, etc New Delhi
Name of publisher, distributor, etc Aryan Books International
Date of publication, distribution, etc 2017
270 ## - ADDRESS
Address Pooja Apartments, 4B, Ansari Road
City New Delhi
Postal code 110002
Electronic mail address aryanbooks@gmail.com
300 ## - PHYSICAL DESCRIPTION
Extent 164 p.
Other physical details Index
Dimensions 25cm(hbk)
942 ## - ADDED ENTRY ELEMENTS (KOHA)
Source of classification or shelving scheme Dewey Decimal Classification
Item type English Books
Classification part 934
Call number suffix LAL
Holdings
Withdrawn status Lost status Not for loan Collection code Home library Current library Date acquired Source of acquisition Cost, normal purchase price Full call number Barcode Copy number Cost, replacement price Koha item type
      Non-fiction Bawana Bawana 10/02/2022 DBAD/PUB 995.00 934 LAL EN-115016 1 995.00 English Books

© Delhi Public Library
Hit Counter
free hit counter